000 00309 a2200133 4500
999 _c325340
_d325340
001 90267
003 NUST
082 _a891.4391 ANW
100 _aAnwar Masood
_91453
245 _aQata Klami
_hUrdu
260 _aLahore
_bDost Publications
_c2013
300 _a164p.
500 _aGeneral Books
942 _aCAE NUST
_cBK
_k891.4391 ANW
_2ddc